[Event "Borsodtavho"]
[Site "Borsodtavho HUN"]
[Date "1991.??.??"]
[Round "13"]
[White "Somlai, Laszlo"]
[Black "Porper, Edward"]
[Result "1-0"]
[WhiteElo "2385"]
[BlackElo "2485"]
[PlyCount "89"]
[EventDate "1991.05.??"]
[EventType "tourn"]
[EventRounds "13"]
[EventCountry "HUN"]
[EventCategory "8"]

1. e4 c5 2. Nf3 Nc6 3. d4 cxd4 4. Nxd4 Nf6 5. Nc3 e5 6. Ndb5 d6 7. Bg5 a6 8.
Na3 b5 9. Bxf6 gxf6 10. Nd5 Bg7 11. c3 f5 12. exf5 Bxf5 13. Nc2 Ne7 14. Nxe7
Qxe7 15. Qf3 Bxc2 16. Qxa8+ Qd8 17. Qxa6 O-O 18. Bxb5 Be4 19. Rd1 Qg5 20. Bf1
d5 21. h4 Qf4 22. g3 Qf3 23. Rg1 Qg4 24. Bg2 Bxg2 25. Rxg2 d4 26. Qe2 Qh3 27.
f3 Rc8 28. cxd4 exd4 29. Kf2 Qf5 30. Kg1 Qc5 31. Kh2 h6 32. Qd3 Qd5 33. a3 Rb8
34. b4 Rc8 35. Rdd2 Qa8 36. Rc2 Rc3 37. Rxc3 dxc3 38. Re2 Qa4 39. b5 Qxa3 40.
b6 Qb4 41. b7 Bf8 42. Re8 Qb2+ 43. Kh3 c2 44. Qd6 c1=Q 45. Qxf8+ 1-0

[Event "Israel"]
[Site "ISR"]
[Date "1991.??.??"]
[Round "?"]
[White "Porper, Edward"]
[Black "Psakhis, Lev"]
[Result "0-1"]
[WhiteElo "2485"]
[BlackElo "2555"]
[PlyCount "106"]
[EventDate "1991.??.??"]
[EventCountry "ISR"]

1. d4 Nf6 2. Nf3 e6 3. c4 c5 4. d5 d6 5. Nc3 exd5 6. cxd5 g6 7. e4 a6 8. a4 Bg4
9. Qb3 Bxf3 10. gxf3 Qe7 11. a5 Bg7 12. Bg2 O-O 13. O-O Nbd7 14. f4 Rab8 15.
Qd1 Ne8 16. Re1 b5 17. axb6 Rxb6 18. Ra4 Bd4 19. Rxd4 cxd4 20. Qxd4 Ng7 21. Re3
Rfb8 22. Qd1 Nc5 23. Rh3 f5 24. e5 Rb4 25. Ne2 Nb3 26. Be3 Ra4 27. Bf1 Ra1 28.
Qd3 Qb7 29. Nc3 Ne8 30. Rg3 Kf7 31. h4 Ng7 32. Rg5 Nc1 33. Bxc1 Rxc1 34. Ne2
Ra1 35. h5 Nxh5 36. e6+ Kg8 37. Qxf5 Ng7 38. Qg4 Rf8 39. Nd4 Qxb2 40. Nc6 Qc1
41. Ne7+ Kh8 42. Qh3 Rf6 43. Rg3 Nh5 44. Rb3 Qxf4 45. Qg2 Re1 46. Rb8+ Kg7 47.
Rb7 Kf8 48. Nc6 Rf5 49. e7+ Kf7 50. Nd8+ Ke8 51. Ne6 Rxe6 52. dxe6 Rg5 53. Bxa6
Qc1+ 0-1

[Event "Tel Aviv"]
[Site "Tel Aviv ISR"]
[Date "1991.??.??"]
[Round "1"]
[White "Gruenfeld, Yehuda"]
[Black "Porper, Edward"]
[Result "1-0"]
[WhiteElo "2505"]
[BlackElo "2485"]
[PlyCount "83"]
[EventDate "1991.??.??"]
[EventType "tourn"]
[EventRounds "11"]
[EventCountry "ISR"]
[EventCategory "10"]

1. e4 Nc6 2. Nf3 e5 3. Bb5 d6 4. d4 Bd7 5. Nc3 exd4 6. Nxd4 Nf6 7. O-O Be7 8.
h3 O-O 9. Bxc6 bxc6 10. Qd3 Re8 11. Re1 c5 12. Nde2 Rb8 13. b3 Bc6 14. Nf4 Rb4
15. Bb2 Rd4 16. Qf3 Bf8 17. Nfd5 Nxe4 18. Nxe4 Rxd5 19. Nf6+ gxf6 20. Bxf6 Rg5
21. Bxd8 Bxf3 22. Bxg5 Be2 23. c3 Re6 24. Rac1 Bg7 25. b4 c4 26. b5 d5 27. Be3
Bd3 28. Bxa7 Rxe1+ 29. Rxe1 Bxc3 30. Re7 Ba5 31. Bd4 Kf8 32. Rd7 Bf5 33. Rxd5
Be6 34. Rd8+ Ke7 35. Ra8 Bd2 36. Be5 Bd7 37. Bxc7 Bxb5 38. Ba5 c3 39. Bb4+ Ke6
40. Rc8 Be1 41. Bxc3 Bd7 42. Rc5 1-0

[Event "Tel Aviv"]
[Site "Tel Aviv ISR"]
[Date "1991.??.??"]
[Round "2"]
[White "Porper, Edward"]
[Black "Grivas, Efstratios"]
[Result "1-0"]
[WhiteElo "2485"]
[BlackElo "2425"]
[PlyCount "91"]
[EventDate "1991.??.??"]
[EventType "tourn"]
[EventRounds "11"]
[EventCountry "ISR"]
[EventCategory "10"]

1. d4 Nf6 2. c4 g6 3. Nc3 Bg7 4. e4 d6 5. Be2 O-O 6. Be3 e5 7. d5 Na6 8. Bf3 c6
9. g4 cxd5 10. cxd5 Bd7 11. h3 b5 12. a3 Qb8 13. g5 Nh5 14. Bxh5 gxh5 15. b4
Nc7 16. Qxh5 a5 17. Rb1 axb4 18. axb4 Na6 19. Nge2 Qc8 20. O-O f5 21. gxf6 Rxf6
22. Kh2 Be8 23. Qh4 Qc4 24. Rg1 Bg6 25. Ra1 Rff8 26. Qg4 Nxb4 27. Rxa8 Rxa8 28.
h4 Qc8 29. Qxc8+ Rxc8 30. Nxb5 Rd8 31. Ng3 h5 32. Nc7 Kh7 33. Ne6 Rg8 34. Re1
Bf6 35. Kh3 Nd3 36. Rb1 Ra8 37. Rb6 Ra2 38. Rb7+ Kg8 39. f3 Nf2+ 40. Bxf2 Rxf2
41. Rb3 Be7 42. Ng5 Kg7 43. Nf5+ Bxf5+ 44. exf5 Rf1 45. Kg2 Rd1 46. Rb7 1-0

[Event "Tel Aviv"]
[Site "Tel Aviv ISR"]
[Date "1991.??.??"]
[Round "4"]
[White "Porper, Edward"]
[Black "Manor, Ilan"]
[Result "1/2-1/2"]
[WhiteElo "2485"]
[BlackElo "2445"]
[PlyCount "44"]
[EventDate "1991.??.??"]
[EventType "tourn"]
[EventRounds "11"]
[EventCountry "ISR"]
[EventCategory "10"]

1. d4 Nf6 2. c4 c5 3. d5 b5 4. cxb5 a6 5. bxa6 Bxa6 6. Nc3 g6 7. Nf3 d6 8. e4
Bxf1 9. Kxf1 Bg7 10. g3 O-O 11. Kg2 Nbd7 12. h3 Ra6 13. Re1 Qa8 14. Bf4 Nb6 15.
Qc2 Na4 16. Nxa4 Rxa4 17. a3 Rb8 18. Rad1 Nd7 19. e5 Ra6 20. Qe2 Nf8 21. Bg5
Ra7 22. Bc1 Qb7 1/2-1/2

[Event "Tel Aviv"]
[Site "Tel Aviv ISR"]
[Date "1991.??.??"]
[Round "5"]
[White "Murey, Jacob"]
[Black "Porper, Edward"]
[Result "1/2-1/2"]
[WhiteElo "2440"]
[BlackElo "2485"]
[PlyCount "99"]
[EventDate "1991.??.??"]
[EventType "tourn"]
[EventRounds "11"]
[EventCountry "ISR"]
[EventCategory "10"]

1. e4 c5 2. Nc3 d6 3. g3 Nf6 4. Bg2 Nc6 5. Nge2 h5 6. h3 Nd4 7. d3 h4 8. Nxd4
cxd4 9. Ne2 hxg3 10. fxg3 e5 11. c3 dxc3 12. bxc3 Be6 13. Qa4+ Bd7 14. Qb3 Qc7
15. Be3 Be7 16. g4 Nh7 17. Bf2 Nf8 18. Rb1 b6 19. Bf3 Bh4 20. Bxh4 Rxh4 21. Kf2
Ne6 22. Kg3 g5 23. Kg2 Rc8 24. d4 exd4 25. cxd4 Qc2 26. Kg3 Qxb3 27. Rxb3 Rc2
28. Ra3 Rc7 29. d5 Nc5 30. e5 dxe5 31. d6 Rc8 32. Rxa7 Ne6 33. Rc1 Rd8 34. Re1
Kf8 35. Ng1 f6 36. Rb1 b5 37. a4 bxa4 38. Rbb7 Be8 39. d7 Bf7 40. Rb6 Ke7 41.
Bc6 Nd4 42. Bxa4 Be6 43. Raa6 f5 44. Nf3 Rxh3+ 45. Kxh3 fxg4+ 46. Kg3 gxf3 47.
Ra5 Kf6 48. Raa6 Ke7 49. Ra5 Kf6 50. Raa6 1/2-1/2

[Event "Tel Aviv"]
[Site "Tel Aviv ISR"]
[Date "1991.??.??"]
[Round "6"]
[White "Lev, Ronen"]
[Black "Porper, Edward"]
[Result "1-0"]
[WhiteElo "2420"]
[BlackElo "2485"]
[PlyCount "119"]
[EventDate "1991.??.??"]
[EventType "tourn"]
[EventRounds "11"]
[EventCountry "ISR"]
[EventCategory "10"]

1. d4 Nf6 2. c4 e5 3. dxe5 Ng4 4. e3 Nxe5 5. Nh3 Bb4+ 6. Bd2 Bxd2+ 7. Qxd2 d6
8. Nf4 Nbd7 9. Nc3 Nc5 10. Be2 a5 11. O-O O-O 12. b3 Bf5 13. Rad1 Kh8 14. f3 b6
15. e4 Bd7 16. Nfd5 f5 17. f4 Ng6 18. exf5 Bxf5 19. g3 Ra7 20. Bf3 Bd3 21. Rf2
c6 22. Ne3 Qe8 23. Ng2 Rf6 24. Na4 Nxa4 25. Qxd3 Nc5 26. Qf1 Re7 27. Rfd2 Qd7
28. Qf2 Qc7 29. Rd4 Nf8 30. Qd2 Nb7 31. a3 Ne6 32. Re4 Ned8 33. Rde1 Rxe4 34.
Rxe4 Ne6 35. b4 Nf8 36. Re8 axb4 37. axb4 d5 38. cxd5 Nd6 39. Ra8 c5 40. Ne3
Qb7 41. Ra1 Nd7 42. Kg2 Rf8 43. Ng4 Qc7 44. bxc5 bxc5 45. Ne5 c4 46. Qc3 Qb7
47. Nc6 Nf6 48. Ra7 Qb6 49. Ra3 Nfe8 50. Ra8 h6 51. Bh5 Kh7 52. Rb8 Qc7 53. Qb4
g6 54. Bg4 Qf7 55. Be6 Qg7 56. Rd8 Qf6 57. Rd7+ Kh8 58. Ne5 g5 59. Qb1 Nf5 60.
Bxf5 1-0

[Event "Tel Aviv"]
[Site "Tel Aviv ISR"]
[Date "1991.??.??"]
[Round "8"]
[White "Davies, Nigel"]
[Black "Porper, Edward"]
[Result "0-1"]
[WhiteElo "2500"]
[BlackElo "2485"]
[PlyCount "88"]
[EventDate "1991.??.??"]
[EventType "tourn"]
[EventRounds "11"]
[EventCountry "ISR"]
[EventCategory "10"]

1. d4 d5 2. c4 e6 3. Nc3 Nf6 4. Nf3 Bb4 5. cxd5 exd5 6. Bg5 Nbd7 7. e3 c5 8.
Bd3 Qa5 9. Qc2 c4 10. Bf5 O-O 11. O-O Bxc3 12. bxc3 Re8 13. Nd2 g6 14. Bxd7
Nxd7 15. f3 Nb6 16. Rfe1 Bd7 17. g4 Ba4 18. Qb2 Bc6 19. Rac1 Re6 20. Nf1 Rae8
21. h4 Na4 22. Qd2 f6 23. Bf4 Qd8 24. g5 b5 25. gxf6 Qxf6 26. Qf2 a5 27. Nh2 h5
28. Kh1 b4 29. cxb4 axb4 30. Rg1 Qf5 31. Rg5 Qd3 32. Qg2 b3 33. axb3 cxb3 34.
e4 Kf7 35. Rg1 Qxd4 36. Be5 Rxe5 37. Rxg6 R8e6 38. Rg8 Ke7 39. Qg7+ Kd6 40.
Rd8+ Kc5 41. Qa7+ Kc4 42. Rc1+ Nc3 43. Qa3 Qb6 44. Nf1 Qf2 0-1

[Event "Tel Aviv"]
[Site "Tel Aviv ISR"]
[Date "1991.??.??"]
[Round "9"]
[White "Porper, Edward"]
[Black "Gofshtein, Leonid"]
[Result "1/2-1/2"]
[WhiteElo "2485"]
[BlackElo "2440"]
[PlyCount "97"]
[EventDate "1991.??.??"]
[EventType "tourn"]
[EventRounds "11"]
[EventCountry "ISR"]
[EventCategory "10"]

1. d4 Nf6 2. c4 g6 3. Nc3 Bg7 4. e4 d6 5. f3 O-O 6. Be3 Nbd7 7. Nge2 a6 8. Qd2
c5 9. Bh6 Bxh6 10. Qxh6 Qa5 11. Qd2 b5 12. Nd5 Qxd2+ 13. Kxd2 Nxd5 14. cxd5 f5
15. dxc5 dxc5 16. a4 fxe4 17. axb5 exf3 18. gxf3 Ne5 19. Ng1 Rd8 20. bxa6 Rxd5+
21. Kc3 Rd6 22. f4 Ng4 23. Bc4+ Kf8 24. Nf3 Ne3 25. Ne5 Nxc4 26. Kxc4 Bxa6+ 27.
Kc3 Rc8 28. Ra5 Bb7 29. Rha1 Bd5 30. Rb5 Be6 31. Rba5 Kg7 32. Ra8 Rxa8 33. Rxa8
Rb6 34. Ra7 Rb3+ 35. Kc2 Rh3 36. Rxe7+ Kf6 37. Rc7 Rxh2+ 38. Kc3 g5 39. Rxc5 g4
40. Nc6 g3 41. Rg5 Rh3 42. Ne5 h6 43. Rg6+ Kf5 44. Kd4 h5 45. Ke3 Bd5 46. Rg5+
Ke6 47. Rg6+ Kf5 48. Rg5+ Ke6 49. Rg6+ 1/2-1/2

[Event "Tel Aviv"]
[Site "Tel Aviv ISR"]
[Date "1991.??.??"]
[Round "10"]
[White "Psakhis, Lev"]
[Black "Porper, Edward"]
[Result "1-0"]
[WhiteElo "2555"]
[BlackElo "2485"]
[PlyCount "109"]
[EventDate "1991.??.??"]
[EventType "tourn"]
[EventRounds "11"]
[EventCountry "ISR"]
[EventCategory "10"]

1. e4 c5 2. Nf3 d6 3. d4 cxd4 4. Nxd4 Nf6 5. Nc3 g6 6. Be3 Bg7 7. f3 O-O 8. Qd2
Nc6 9. g4 Ne5 10. O-O-O Qa5 11. Nb3 Qc7 12. g5 Nh5 13. Nd5 Qd8 14. Qg2 Be6 15.
f4 Bg4 16. fxe5 Bxd1 17. Kxd1 Bxe5 18. Kc1 e6 19. Nc3 Rc8 20. Nb5 a6 21. N5d4
Bf4 22. Bxf4 Nxf4 23. Qg3 e5 24. Ne2 Nh5 25. Qe3 d5 26. exd5 Qxd5 27. Rg1 Qc4
28. Nc3 Qf4 29. Qxf4 Nxf4 30. Ne4 Rfd8 31. Nbc5 Rc7 32. c3 Kg7 33. a4 a5 34.
Kc2 b6 35. Nb3 h5 36. Bb5 Nd5 37. Nbd2 Ne3+ 38. Kb3 Rd5 39. Re1 Ng4 40. h4 Nf2
41. Nf6 Rxd2 42. Ne8+ Kf8 43. Nxc7 Ng4 44. Bc4 Rd6 45. Rf1 f5 46. gxf6 Ne3 47.
Re1 Nxc4 48. Kxc4 Rc6+ 49. Kb5 Rxc7 50. Kxb6 Rc4 51. Kxa5 Rxh4 52. b4 Rc4 53.
b5 Rxc3 54. b6 h4 55. Rb1 1-0

[Event "Badenweiler op"]
[Site "Badenweiler GER"]
[Date "1990.??.??"]
[Round "3"]
[White "Porper, Edward"]
[Black "Eberlein, Wolfgang"]
[Result "1-0"]
[WhiteElo "2470"]
[BlackElo "2280"]
[PlyCount "71"]
[EventDate "1990.??.??"]
[EventType "swiss"]
[EventRounds "9"]
[EventCountry "GER"]
[Source "Norbert Lukas"]
[SourceDate "1999.09.22"]

1. e4 d6 2. Bc4 e6 3. Qe2 Nc6 4. c3 Nf6 5. Bb3 Be7 6. Nf3 O-O 7. O-O e5 8. h3
Nd7 9. d4 Bf6 10. Be3 Qe7 11. Nbd2 Re8 12. d5 Ncb8 13. Ba4 Qf8 14. b4 a5 15. a3
g6 16. c4 Rd8 17. Nb3 axb4 18. axb4 Na6 19. Bb5 Ndb8 20. c5 c6 21. Bc4 Be7 22.
cxd6 Bxd6 23. dxc6 bxc6 24. Ng5 Rd7 25. Nc5 Bxc5 26. Bxc5 Qd8 27. f4 Bb7 28.
Nxf7 Rxf7 29. fxe5 Nxc5 30. Rxa8 Bxa8 31. bxc5 Qd4+ 32. Kh1 Nd7 33. Rxf7 Nxe5
34. Ra7+ Nxc4 35. Rxa8+ Kg7 36. Ra4 1-0

[Event "Badenweiler op"]
[Site "Badenweiler GER"]
[Date "1990.??.??"]
[Round "4"]
[White "Levitt, Jonathan"]
[Black "Porper, Edward"]
[Result "1-0"]
[WhiteElo "2455"]
[BlackElo "2470"]
[PlyCount "143"]
[EventDate "1990.??.??"]
[EventType "swiss"]
[EventRounds "9"]
[EventCountry "GER"]
[Source "Norbert Lukas"]
[SourceDate "1999.09.22"]

1. d4 e6 2. c4 f5 3. g3 Nf6 4. Bg2 c6 5. Nf3 d5 6. O-O Bd6 7. Bf4 Bxf4 8. gxf4
O-O 9. e3 Ne4 10. Nbd2 Nd7 11. Nxe4 fxe4 12. Ng5 Nf6 13. f3 h6 14. Nh3 exf3 15.
Qxf3 Ne4 16. Qe2 Nd6 17. b3 Bd7 18. Nf2 Be8 19. c5 Nf5 20. Nd3 Qh4 21. Rae1 Rc8
22. Qf2 Rc7 23. Qxh4 Nxh4 24. Bh3 Rf6 25. Ne5 Bg6 26. Nxg6 Rxg6+ 27. Kf2 Rf7
28. Ke2 Kf8 29. Rg1 Rgf6 30. Ref1 Nf5 31. b4 Ke7 32. a4 a6 33. Bxf5 exf5 34. h4
Kf8 35. h5 g6 36. Rf2 gxh5 37. Rfg2 Ke7 38. Kf3 h4 39. Rh1 Kf8 40. Rhg1 Ke7 41.
Rg8 Rf8 42. R1g7+ R6f7 43. Rxf8 Kxf8 44. Rg6 Rg7 45. Rf6+ Rf7 46. Rxh6 Kg8 47.
Rh5 Rh7 48. Rg5+ Kh8 49. Kg2 Re7 50. Rxf5 Rxe3 51. Rf7 Kg8 52. Rxb7 Kf8 53. b5
axb5 54. axb5 cxb5 55. c6 Rc3 56. c7 Ke8 57. f5 Kd7 58. f6 h3+ 59. Kh2 Kc8 60.
f7 Kxb7 61. f8=Q Kxc7 62. Qe7+ Kb6 63. Qd6+ Ka5 64. Qxd5 Ka4 65. Qa8+ Kb3 66.
d5 b4 67. d6 Rd3 68. Qc6 Kb2 69. d7 b3 70. Qf6+ Kc2 71. Qf5 b2 72. d8=Q 1-0

[Event "Badenweiler op"]
[Site "Badenweiler GER"]
[Date "1990.??.??"]
[Round "7"]
[White "Porper, Edward"]
[Black "Zaichik, Gennadi"]
[Result "0-1"]
[WhiteElo "2470"]
[BlackElo "2455"]
[PlyCount "120"]
[EventDate "1990.??.??"]
[EventType "swiss"]
[EventRounds "9"]
[EventCountry "GER"]
[Source "Norbert Lukas"]
[SourceDate "1999.09.22"]

1. d4 Nf6 2. Nf3 e6 3. c4 d5 4. Nc3 Bb4 5. Bg5 Nbd7 6. e3 c5 7. cxd5 exd5 8.
Qa4 Qa5 9. Qxa5 Bxa5 10. Bd3 Ne4 11. Bxe4 dxe4 12. Nd2 h6 13. Bf4 cxd4 14. exd4
f5 15. Nd5 O-O 16. Bd6 Nf6 17. Bxf8 Nxd5 18. Bd6 Be6 19. a3 e3 20. fxe3 Nxe3
21. b4 Nc2+ 22. Kf2 Bb6 23. Rac1 Bxd4+ 24. Kg3 Rc8 25. Bc5 Bxc5 26. bxc5 Rxc5
27. Nf3 b6 28. h4 Kf7 29. h5 Kf6 30. Rh4 a5 31. a4 Nb4 32. Rxc5 bxc5 33. Nd2
Nd3 34. Kf3 Bd5+ 35. Ke2 Ne5 36. Rh3 Bxg2 37. Rc3 Bc6 38. Rxc5 Bxa4 39. Rxa5
Be8 40. Kf2 Bxh5 41. Kg3 Bf7 42. Ra6+ Kg5 43. Ra5 Kf6 44. Ra6+ Be6 45. Nb3 Kf7
46. Nd4 Bc4 47. Rb6 g6 48. Kf4 Nd7 49. Rc6 g5+ 50. Kg3 f4+ 51. Kh2 Ne5 52. Rb6
Bd5 53. Kg1 Ng4 54. Nf5 h5 55. Ra6 h4 56. Nxh4 gxh4 57. Ra4 Kf6 58. Rxf4+ Kg5
59. Rd4 Bf3 60. Rd2 Kf4 0-1

[Event "Badenweiler op"]
[Site "Badenweiler GER"]
[Date "1990.??.??"]
[Round "8"]
[White "Beutelhoff, Josef"]
[Black "Porper, Edward"]
[Result "0-1"]
[WhiteElo "2210"]
[BlackElo "2470"]
[PlyCount "79"]
[EventDate "1990.??.??"]
[EventType "swiss"]
[EventRounds "9"]
[EventCountry "GER"]
[Source "Norbert Lukas"]
[SourceDate "1999.09.22"]

1. d4 d6 2. c4 e5 3. Nf3 e4 4. Nfd2 f5 5. e3 c5 6. d5 Nd7 7. Nc3 Ngf6 8. Be2
Ne5 9. O-O g6 10. b4 cxb4 11. Qa4+ Nfd7 12. Qxb4 Nc5 13. Nb5 Bg7 14. Nd4 O-O
15. Ba3 f4 16. exf4 Ned3 17. Bxd3 Nxd3 18. Qxd6 Qxd6 19. Bxd6 Bxd4 20. Bxf8
Bxa1 21. Bd6 Bd4 22. Nxe4 Bf5 23. Ng3 Re8 24. Be5 Nxe5 25. fxe5 Rxe5 26. Rd1
Bc5 27. Nxf5 Rxf5 28. Rd2 Rf4 29. Rc2 Kf7 30. g3 Rd4 31. Kf1 Kf6 32. Ke2 Re4+
33. Kf3 Ke5 34. Rc1 g5 35. h3 h5 36. Rc2 b6 37. Kg2 a5 38. Kf3 a4 39. g4 h4 40.
Rc1 0-1

[Event "Badenweiler op"]
[Site "Badenweiler GER"]
[Date "1990.??.??"]
[Round "9"]
[White "Porper, Edward"]
[Black "Palos, Osman"]
[Result "1-0"]
[WhiteElo "2470"]
[BlackElo "2385"]
[PlyCount "113"]
[EventDate "1990.??.??"]
[EventType "swiss"]
[EventRounds "9"]
[EventCountry "GER"]
[Source "Norbert Lukas"]
[SourceDate "1999.09.22"]

1. d4 Nf6 2. Nf3 e6 3. c4 c5 4. d5 b5 5. Bg5 bxc4 6. Nc3 d6 7. Bxf6 Qxf6 8. e4
e5 9. Bxc4 Qd8 10. O-O Be7 11. b4 cxb4 12. Qa4+ Nd7 13. Qxb4 O-O 14. Rab1 Nc5
15. Be2 f5 16. Nd2 Bg5 17. Nc4 fxe4 18. Nxe5 Bf5 19. Nc6 Qf6 20. Rbd1 Rf7 21.
f4 exf3 22. Rxf3 Qh6 23. Rdf1 Raf8 24. Kh1 Bg6 25. Rxf7 Bxf7 26. Nxa7 Bf6 27.
Nab5 Be5 28. h3 Qe3 29. Rf3 Qd2 30. Qb1 Bg6 31. Qd1 Qg5 32. Nd4 Rf4 33. Qf1 Qf6
34. Rxf4 Bxf4 35. Ne6 Be5 36. Qxf6 gxf6 37. Nxc5 dxc5 38. Na4 Bd4 39. Nb6 Kf7
40. a4 Be5 41. a5 Bc7 42. Kg1 Ke7 43. Kf2 Bf7 44. Bf3 Kd8 45. Ke3 Be8 46. g4 h6
47. h4 Bb8 48. h5 Bc7 49. Be2 Bf7 50. Ke4 Bg8 51. Kf5 Ke7 52. d6+ Kxd6 53. Kxf6
Be6 54. Kg6 Ke7 55. Kxh6 c4 56. Bxc4 Bxg4 57. Nd5+ 1-0

[Event "Rishon Le Zion"]
[Site "Rishon Le Zion ISR"]
[Date "1990.??.??"]
[Round "?"]
[White "Kosashvili, Yona"]
[Black "Porper, Edward"]
[Result "1-0"]
[WhiteElo "2470"]
[BlackElo "2470"]
[PlyCount "79"]
[EventDate "1990.??.??"]
[EventType "tourn"]
[EventRounds "9"]
[EventCountry "ISR"]
[EventCategory "5"]
[Source "ChessBase"]
[SourceDate "1998.11.10"]

1. e4 e5 2. Nf3 Nc6 3. Bb5 a6 4. Ba4 Nf6 5. O-O b5 6. Bb3 Be7 7. Re1 O-O 8. d4
d6 9. c3 Nd7 10. Nbd2 Na5 11. Bc2 c5 12. Nf1 Bb7 13. Ne3 cxd4 14. cxd4 Rc8 15.
Nf5 g6 16. Nxe7+ Qxe7 17. b3 Nc6 18. Bb2 Rc7 19. Qd2 Rfc8 20. Rad1 Nf6 21. Bb1
Nh5 22. d5 Nd8 23. Nxe5 f6 24. Nf3 Nf7 25. Nd4 Ng7 26. f4 Re8 27. Qa5 Qd8 28.
Qb6 Rce7 29. Qxd8 Nxd8 30. Kf2 f5 31. exf5 Rxe1 32. Rxe1 Rxe1 33. Kxe1 Bxd5 34.
Kf2 Kf7 35. fxg6+ hxg6 36. g4 Ne8 37. f5 gxf5 38. Nxf5 Nb7 39. g5 Nc5 40. g6+
1-0

[Event "Rishon Le Zion"]
[Site "Rishon Le Zion ISR"]
[Date "1990.??.??"]
[Round "?"]
[White "Porper, Edward"]
[Black "Tsesarsky, Ilya"]
[Result "0-1"]
[WhiteElo "2470"]
[BlackElo "2435"]
[PlyCount "48"]
[EventDate "1990.??.??"]
[EventType "tourn"]
[EventRounds "9"]
[EventCountry "ISR"]
[EventCategory "5"]
[Source "ChessBase"]
[SourceDate "1998.11.10"]

1. d4 Nf6 2. Nf3 e6 3. c4 b6 4. Nc3 Bb4 5. g3 Ba6 6. Qb3 c5 7. a3 Ba5 8. Bd2
Nc6 9. d5 Nd4 10. Qa4 b5 11. cxb5 Bxc3 12. Bxc3 Bxb5 13. Qd1 Nxf3+ 14. exf3 Qb6
15. Bxf6 gxf6 16. Qd2 O-O 17. O-O-O Ba4 18. Qh6 Rfb8 19. Rd2 c4 20. Qxf6 c3 21.
Qxc3 Rc8 22. Bc4 Bb3 23. Qe5 Bxc4 24. Kb1 Qb3 0-1

[Event "Tel Aviv op"]
[Site "Tel Aviv ISR"]
[Date "1990.??.??"]
[Round "?"]
[White "Porper, Edward"]
[Black "Psakhis, Lev"]
[Result "1-0"]
[WhiteElo "2470"]
[BlackElo "2570"]
[PlyCount "93"]
[EventDate "1990.??.??"]
[EventType "swiss"]
[EventRounds "9"]
[EventCountry "ISR"]

1. d4 Nf6 2. Nf3 e6 3. c4 b6 4. Nc3 Bb4 5. Bg5 Bb7 6. Qc2 h6 7. Bh4 g5 8. Bg3
Bxc3+ 9. bxc3 d6 10. Nd2 Nbd7 11. e4 Qe7 12. Be2 e5 13. f3 Nh5 14. Nf1 Nf4 15.
Ne3 Nxe2 16. Kxe2 O-O-O 17. a4 a5 18. Rab1 Qe6 19. h3 Nf6 20. d5 Qe8 21. c5
dxc5 22. Kf2 Nh5 23. Nf5 Nxg3 24. Kxg3 Kb8 25. Qb3 h5 26. Rhd1 h4+ 27. Kh2 Ba6
28. d6 Qe6 29. Rd5 Kc8 30. Rxc5 Rxd6 31. Nxd6+ Qxd6 32. Rxa5 Bb7 33. Rb5 f5 34.
Rd1 Qf6 35. exf5 Qxf5 36. Qc4 Ba6 37. Qd5 Qf4+ 38. Kh1 Kb8 39. Rb4 Qg3 40. Qd2
Bc8 41. Qe1 Bf5 42. Qxg3 hxg3 43. a5 Kb7 44. axb6 cxb6 45. Rb5 g4 46. fxg4 Bxg4
47. Re1 1-0

[Event "Tel Aviv op"]
[Site "Tel Aviv ISR"]
[Date "1990.??.??"]
[Round "?"]
[White "Porper, Edward"]
[Black "Rajna, Gyorgy"]
[Result "1-0"]
[WhiteElo "2470"]
[BlackElo "2390"]
[PlyCount "77"]
[EventDate "1990.??.??"]
[EventType "swiss"]
[EventRounds "9"]
[EventCountry "ISR"]

1. d4 Nf6 2. c4 g6 3. Nc3 Bg7 4. e4 d6 5. Be2 O-O 6. Be3 e5 7. d5 Nbd7 8. b4 a5
9. a3 b6 10. Nf3 Ng4 11. Bg5 f6 12. Bd2 f5 13. Ng5 Ndf6 14. h3 Nh6 15. bxa5
bxa5 16. Qc1 f4 17. h4 Qe7 18. c5 Nf7 19. Nxf7 Rxf7 20. c6 h5 21. Rb1 Ne8 22.
Rb5 Bf6 23. Qb1 Bxh4 24. Rb8 Rxb8 25. Qxb8 Bg4 26. Bxg4 hxg4 27. Qc8 Rh7 28.
Kf1 g3 29. f3 g5 30. Ke2 Rf7 31. Rb1 Kg7 32. Rb7 Nf6 33. Nb5 Nxe4 34. Rxc7 Qf6
35. Rxf7+ Qxf7 36. Qb7 g4 37. Qxf7+ Kxf7 38. fxe4 f3+ 39. Kf1 1-0

[Event "Tel Aviv op"]
[Site "Tel Aviv ISR"]
[Date "1990.??.??"]
[Round "?"]
[White "Porper, Edward"]
[Black "Tseitlin, Mark"]
[Result "0-1"]
[WhiteElo "2470"]
[BlackElo "2415"]
[PlyCount "150"]
[EventDate "1990.??.??"]
[EventType "swiss"]
[EventRounds "9"]
[EventCountry "ISR"]

1. d4 Nf6 2. Nf3 g6 3. c4 Bg7 4. Nc3 d5 5. cxd5 Nxd5 6. Bd2 Nb6 7. Bf4 O-O 8.
e3 c5 9. dxc5 N6d7 10. Nd5 e5 11. Bg5 f6 12. Bh4 e4 13. Nd4 Nxc5 14. Rc1 Nba6
15. b4 Nd3+ 16. Bxd3 exd3 17. Qb3 Kh8 18. b5 Qa5+ 19. Kd1 Bd7 20. Qxd3 Rad8 21.
Nc3 Nc5 22. Qe2 Bf5 23. g4 Bd3 24. Qd2 g5 25. Bg3 f5 26. gxf5 Bxf5 27. h4 Nd3
28. Ke2 Nxc1+ 29. Rxc1 gxh4 30. Bxh4 Bg4+ 31. Kf1 Rd7 32. Qd3 Qa3 33. Qc2 Qc5
34. Qe4 Qh5 35. Bg3 Re7 36. Qd5 Qh3+ 37. Ke1 Rd7 38. Qe4 Bf3 39. Qh4 Qg2 40.
Qh2 Qxh2 41. Bxh2 Bxd4 42. exd4 Kg8 43. Be5 Rf5 44. Ne2 h5 45. Nf4 Kf7 46. Kf1
Rg5 47. Re1 h4 48. Re3 Bg4 49. Rc3 Rg8 50. a4 Bf5 51. a5 Re7 52. a6 bxa6 53.
Rc6 Bd7 54. Rf6+ Ke8 55. bxa6 Rh7 56. Nd5 h3 57. Bh2 Rg2 58. Nc7+ Kd8 59. Bd6
Rh8 60. d5 h2 61. Rf8+ Rxf8 62. Kxg2 Rxf2+ 63. Kh1 Bg4 64. Ne6+ Ke8 65. Ng5 Rf5
66. Ne6 Rf1+ 67. Kxh2 Bxe6 68. dxe6 Ra1 69. Kg3 Rxa6 70. Bb8 Ke7 71. Kf4 Kxe6
72. Ke4 Ra4+ 73. Kd3 Kd5 74. Kc3 a5 75. Bc7 Rc4+ 0-1

[Event "Tel Aviv op"]
[Site "Tel Aviv ISR"]
[Date "1990.??.??"]
[Round "?"]
[White "Soffer, Ram"]
[Black "Porper, Edward"]
[Result "0-1"]
[WhiteElo "2440"]
[BlackElo "2470"]
[PlyCount "122"]
[EventDate "1990.??.??"]
[EventType "swiss"]
[EventRounds "9"]
[EventCountry "ISR"]

1. d4 d6 2. e4 g6 3. Nc3 Bg7 4. Be3 Nc6 5. Bb5 a6 6. Bxc6+ bxc6 7. Nge2 Nf6 8.
f3 Rb8 9. Na4 Bd7 10. c4 O-O 11. c5 Ne8 12. Qd2 f5 13. e5 Be6 14. Bf4 dxe5 15.
Bxe5 Bxe5 16. dxe5 Qxd2+ 17. Kxd2 Ng7 18. Kc3 Rfd8 19. b3 Bd5 20. Nd4 Kf7 21.
Nb2 Ne6 22. Nxe6 Bxe6 23. Rhd1 Rd5 24. Rxd5 Bxd5 25. Nd3 g5 26. h4 Kg6 27. Rh1
h5 28. e6 Kf6 29. hxg5+ Kxg5 30. Kd4 Rd8 31. Ke3 Bxe6 32. Nf4 Bf7 33. Rxh5+
Bxh5 34. Ne6+ Kh4 35. Nxd8 Kg3 36. f4 e5 37. fxe5 f4+ 38. Kd2 Kxg2 39. Ne6 Kg3
40. Nd4 f3 41. Nf5+ Kf4 42. Ne3 Kxe5 43. Nd1 Kd4 44. b4 Kc4 45. a3 Kb3 46. Nf2
Kxa3 47. Kc3 Ka4 48. Nd1 Bf7 49. Nf2 Kb5 50. Nd3 Bd5 51. Nf2 a5 52. bxa5 Kxc5
53. Nd3+ Kb5 54. Kd4 Kxa5 55. Kc5 Ka4 56. Kd4 Kb3 57. Nf2 Kc2 58. Ke3 Kc3 59.
Nd1+ Kc4 60. Nb2+ Kb5 61. Nd3 c5 0-1